000
00331nam a2200121Ia 4500
008
180117s9999 xx 000 0 und d
100
_a
by Dr. Jesus Peralta
245
4
_a
The story of the Other Nativity
260
_c
2015
300
_a
8-10 pages, 2015 December 20
440
_a
Philippine Panorama
650
_a
STORY OF NATIVITY
999
_c
353505
_d
353505